Popularita nemanželského spolužitia každý štvrtý novorodenec v EÚ sa narodí mimo manželstva

Výsledky demografického výskumu v 46-ich krajinách Európy. Znižovanie hrubej miery sobášnosti. Pokles novorodeneckej úmrtnosti. Úhrnná plodnosť v Európe a vo svete. Miera rozvodovosti v európskych krajinách. Priemerná dĺžka života. Rozdelenie svetovej populácie. Trend osamelých rodičov v Európskej ú...

Descrizione completa

Salvato in:
Dettagli Bibliografici
Autore principale: Papaj, Karol
Natura: Capitolo di libro
Lingua:slovacco
Soggetti:
Tags: Aggiungi Tag
Nessun Tag, puoi essere il primo ad aggiungerne!!

MARC

LEADER 00000naa a2200000 4500
001 r035352
005 20230824101229.8
041 0 |a slo 
044 |a SK 
245 1 0 |a Popularita nemanželského spolužitia  |b každý štvrtý novorodenec v EÚ sa narodí mimo manželstva  |c Karol Papaj 
520 |a Výsledky demografického výskumu v 46-ich krajinách Európy. Znižovanie hrubej miery sobášnosti. Pokles novorodeneckej úmrtnosti. Úhrnná plodnosť v Európe a vo svete. Miera rozvodovosti v európskych krajinách. Priemerná dĺžka života. Rozdelenie svetovej populácie. Trend osamelých rodičov v Európskej únii. Osamelé matky a zamestnanie. 
610 2 0 |a výskum populačný 
610 2 0 |a demografia 
610 2 0 |a populácia 
610 2 0 |a rodina 
610 2 0 |a manželstvo 
610 2 0 |a pôrodnosť 
610 2 0 |a úmrtnosť 
610 2 0 |a reprodukcia obyvateľstva 
610 2 0 |a deti 
610 2 0 |a práca žien 
610 2 0 |a Európa 
610 2 0 |a Európska únia 
610 2 0 |a svet 
100 1 |a Papaj, Karol